Bats of Papua New Guinea / (Registro nro. 1334)

Detalles MARC
000 -CABECERA
Campo de control 01225nam a2200349 i 4500
005 - FECHA Y HORA DE LA ULTIMA TRANSACCION
Campo de control 20160414020002.0
008 - ELEMENTOS DE LONGITUD FIJA—INFORMACION GENERAL
Campo de control 140227s1998 wauabd |r|||| 00| 0 eng d
040 ## - FUENTE DE CATALOGACIÓN
Agencia catalogadora original CO-BoIAVH
Agencia transcriptora CO-BoIAVH
041 ## - IDIOMA
Código de idioma para texto/pista de sonido o título separado Inglés
044 ## - PAÍS DE PUBLICACIÓN
País de publicación Estados Unidos
082 04 - NUMERO DE CLASIFICACION DECIMAL DEWEY
Número de clasificación 599.4094
Número del ítem B69b
100 1# - ASIENTO PRINCIPAL--NOMBRE PERSONAL
Nombre personal Bonaccorso, Frank J.
9 (RLIN) 11826
245 10 - MENCION DE TITULO
Título Bats of Papua New Guinea /
Mención de responsabilidad Frank J. Bonaccorso.
260 ## - PUBLICACION, DISTRIBUCION, ETC. (PIE DE IMPRENTA)
Lugar de publicación, distribución, etc. Washington :
Nombre del editor, distribuidor, etc. Conservation International ,
Fecha de publicación, distribución, etc. 1998
300 ## - DESCRIPCION FISICA
Extensión 489 páginas
Otros detalles físicos ilustraciones, mapas y tablas ;
Dimensiones 19 cm.
490 00 - MENCION DE SERIE
Mención de serie Tropical field guide series
Designación numérica/secuencial del volumen 2
504 ## - NOTA DE BIBLIOGRAFIA, ETC.
Nota de bibliografía Incluye referencias bibliográficas.
650 14 - ASIENTO SECUNDARIO DE MATERIA - TERMINO TEMATICO
Término temático o nombre geográfico como elemento de entrada Murciélagos
Subdivisión geográfica Australia
9 (RLIN) 48005
650 14 - ASIENTO SECUNDARIO DE MATERIA - TERMINO TEMATICO
Término temático o nombre geográfico como elemento de entrada Murciélagos
Subdivisión general identificación
Subdivisión geográfica Australia
9 (RLIN) 48006
650 ## - ASIENTO SECUNDARIO DE MATERIA - TERMINO TEMATICO
Término temático o nombre geográfico como elemento de entrada Chiroptera
9 (RLIN) 7597
650 26 - ASIENTO SECUNDARIO DE MATERIA - TERMINO TEMATICO
Término temático o nombre geográfico como elemento de entrada Chiroptera
9 (RLIN) 7597
650 ## - ASIENTO SECUNDARIO DE MATERIA - TERMINO TEMATICO
Término temático o nombre geográfico como elemento de entrada Distribución geográfica
9 (RLIN) 48007
650 ## - ASIENTO SECUNDARIO DE MATERIA - TERMINO TEMATICO
Término temático o nombre geográfico como elemento de entrada Descripciones taxonómicas
9 (RLIN) 48008
662 ## - ASIENTO SECUNDARIO DE MATERIA - JERARQUIA DEL NOMBRE DE LUGAR(
País o entidad mayor Papua Nueva Guinea
700 ## - ASIENTO SECUNDARIO - NOMBRE PERSONAL
Nombre personal Konstant, William R.
Término de relación editor
9 (RLIN) 11828
700 ## - ASIENTO SECUNDARIO - NOMBRE PERSONAL
Nombre personal Reid, Fiona A.
Término de relación ilustrador
9 (RLIN) 11829
700 ## - ASIENTO SECUNDARIO - NOMBRE PERSONAL
Nombre personal Oyarzabal, Aldi
Término de relación ilustrador
9 (RLIN) 11830
700 ## - ASIENTO SECUNDARIO - NOMBRE PERSONAL
Nombre personal Nash, Stephen D.
Término de relación ilustrador
9 (RLIN) 11831
700 ## - ASIENTO SECUNDARIO - NOMBRE PERSONAL
Nombre personal Seri, Lester
9 (RLIN) 11832
700 ## - ASIENTO SECUNDARIO - NOMBRE PERSONAL
Nombre personal Hedemark, Michael
Término de relación ilustrador
9 (RLIN) 11833
942 ## - ELEMENTOS ADICIONALES (KOHA)
Tipo de ítem Libro
Sistema de clasificación Dewey Decimal Classification
Koha issues (borrowed), all copies 1
Existencias
Withdrawn status Lost status Sistema de Clasificación Damaged status No para préstamo Colección Inventariado Ubicación Permanente Ubicación actual Fecha de adquisición Fuente de Valor Valor Total Checkouts Número topográfico Inventario / Código de Barras Date last seen Date checked out Ejemplar Price effective from Forma de adquisición Tipo de material
    Dewey Decimal Classification     General Inventariado 2017 Bogotá Bogotá 05/07/1999 Rodríguez,Vicente 39000.00 1 LB-599.4094 B69b 001794 13/04/2016 13/04/2016 Ej. 1 04/12/2012   Libro